=LDR 00000nam 2200000 4500 =001 INLIS000000000023784 =005 20130612122419 =008 ***********************************Ind** =035 ##$$0010-061300000023784 =041 ##$$a Ind =082 ##$$a 671.3 =090 ##$$a 671.3, Anw m =100 ##$$a Anwir, B.S =245 ##$$a Menggoreskan,memindahkan beban,dan keamanana, teknik mekanik untuk pendidikan kejuruan lanjutan, B.S Anwar =260 ##$$a 1982 $b Jakarta =300 ##$$a 83 hlm, ilus, 21 cm =650 ##$$a Mekanik- Teknik =850 ##$$a NBPNMAT =990 ##$$a 21602251/BPAP-NTB/2017